| 000 | 00510nam a22001937a 4500 | ||
|---|---|---|---|
| 003 | CEME | ||
| 005 | 20210628203720.0 | ||
| 008 | 210126b xxu||||| |||| 00| 0 eng d | ||
| 020 | _a81-203-2117-0 | ||
| 040 | _c. | ||
| 082 | _a621.382 MIL | ||
| 100 |
_aMiller, Gary M:Beasley, Jeffrey S _966989 |
||
| 245 | _aModern electronic communication | ||
| 250 | _a7TH | ||
| 260 |
_aNEW DELHI _bPRENTICE HALL OF INDIA _c2003 |
||
| 300 | _aXIX,883P | ||
| 650 |
_aELECTRONIC COMMUNICATION _960950 |
||
| 942 |
_cBK _2ddc |
||
| 999 |
_c574847 _d574847 |
||